1220 1051 1134 1826 1448 1330 1822 1128 1852 1800 1971 1074 1896 1953 1358 1095 1988 1267 1146 1522 1914 1655 1425 1327 1306 1654 1105 1929 1109 1035 1397 1046 1277 1507 1407 1018 1881 1055 1457 1582 1508 1040 1964 1615 1851 1542 1781 1632 1903 1482 1167 1630 1174 1354 1067 1395 1172 1189 1405 1209 1454 1503 1339 1293 1273 1551 1275 1489 1867 1080 1779 1509 1911 1086 1502 1571 1046 1191 1208 1628 1259 1922 1361 1984 1252 1161 1540 1982 1368 1767 1364 1826 1412 1797 1502 1101 1605 1296 1434 BCNSPRNW ULIB Ver.6.0+V

เปลี่ยนเป็นภาษาไทย

Change to English
 แสดงรายละเอียดบรรณานุกรม
  กลับหน้าหลัก

Brief Record : Get Marc (ISO 2709) : E-mail record : QR code < ปิดหน้าต่าง
LEADER : 00000nam 2200000uu 4500
001    13399127445
003     ULIB
008    200525s2019||||th 000 0 tha d
020    ^a9781506259871 (pbk.)
050  4 ^aPE1128^bS532Bt
100 1  ^aSharpe, Pamela J.
245 10 ^aBarron s TOEFL iBT :^binternet-based test /^cPamela J.Sharpe
246 30 ^aTOEFL iBT :^bInternet-based test
246 30 ^aTOEFL Internet-based test
250    ^a16th ed.
260    ^aHauppauge, N.Y. :^bKaplan/Barron s Educational Series,^c2019
300    ^avi, 810 p. :^bill. ;^c28 cm.
650  0 ^aTest of English as a Foreign Language^vStudy guides
650  0 ^aEnglish language^vTextbooks for foreign speakers
650  0 ^aEnglish language^xExaminations^vStudy guides
653    ^aTOEFL
945    ^p0^l0^i28325
999    ^aกัณชพร จุลอักษร
รายการนี้ยังไม่มีแท็ก
คุณยังไม่ได้ล็อกอิน คุณสามารถมีกิจกรรมร่วมกับเว็บไซต์ได้ แต่ต้องล็อกอินก่อน ::
  ล็อกอิน

รายการสื่อสารสนเทศ

ลำดับที่ ประเภท เลขเรียก/บาร์โค้ด สถานที่ สถานะ
1. หนังสือสำรอง
หนังสือสำรอง
PE1128 S532Bt ฉ.1 
  Barcode: 28325
ห้องสมุดวิทยาเขตนครสวรรค์
►หนังสือทั่วไป:l:General Books
บนชั้น

รายการใกล้เคียง
    ผู้แต่ง [Sharpe, Pamela J.]

BibComment


ยังไม่เคยถูกคอมเมนท์

คอมเมนท์ทรัพยากรรายการนี้
  คอมเมนท์: Barron s TOEFL i..


 Copyright 2026. Bcnsprnw @Library